000
00254nam a2200109Ia 4500
008
220204s9999 xx 000 0 und d
082
_a
82-3
_b
WOD
100
_a
Wodehouse, P G
245
4
_a
The White feather
260
_a
Bombay
_b
Jaico
_c
1982
942
_c
BK
999
_c
38559
_d
38559